Programy rozvoja vidieka budú lepšie

Výbor pre poľnohospodárske štruktúry Európskej únie 20. júla 2004 schválil Plán rozvoja slovenského vidieka na obdobie rokov 2004 - 2006. Predkladaný návrh zjednodušuje uplatňovanie politiky rozvoja vidieka a zvyšuje financovanie EÚ až do výšky 13,7 mld. eur za rok na obdobie rokov 2007 - 2013. Zavá...

Ausführliche Beschreibung

Gespeichert in:
Bibliographische Detailangaben
1. Verfasser: Kollárová, Zuzana
Format: Buchkapitel
Sprache:Slowakisch
Schlagworte:
Tags: Tag hinzufügen
Keine Tags, Fügen Sie das erste Tag hinzu!

MARC

LEADER 00000naa$a2200000$$$4500
001 0018173
005 20231004124600.2
041 0 |a slo 
044 |a SK 
245 1 0 |a Programy rozvoja vidieka budú lepšie  |c aut. Zuzana Kollárová 
520 |a Výbor pre poľnohospodárske štruktúry Európskej únie 20. júla 2004 schválil Plán rozvoja slovenského vidieka na obdobie rokov 2004 - 2006. Predkladaný návrh zjednodušuje uplatňovanie politiky rozvoja vidieka a zvyšuje financovanie EÚ až do výšky 13,7 mld. eur za rok na obdobie rokov 2007 - 2013. Zavádza jednotný nástroj financovania a programovania, ktorým sa bude jednoduchšie riadiť a kontrolovať nová politika. 
610 2 0 |a programy rozvojové 
610 2 0 |a financovanie 
610 2 0 |a vidiek 
610 2 0 |a Európska únia 
610 2 0 |a Slovensko 
610 2 0 |a fondy štruktúrne 
100 1 |a Kollárová, Zuzana